000
00349 a2200169 4500
001
184707
020
_a
85-322-1179-8
040
_c
Magnum
100
_a
Quintana, Mário
240
1
0
_a
Sapato furado
_l
por
245
1
0
_a
Sapato furado
300
_a
32
362
0
_a
1994
440
1
_a
FTD
697
_a
LITERATURA INFANTO-JUVENIL
942
_c
BK
999
_c
184707
_d
184707